000 00628aam a2200253 4500
005 20250729152208.0
008 150406b xxu||||| |||| 00| 0 spa d
020 _a9977234779
041 _aESP
082 _aCR 861.4 D288n5
100 _aDebravo, Jorge
_912331
245 _aNosotros los hombres
250 _a5 edición
260 _aCosta Rica
260 _bEditorial Costa Rica
260 _c2001
300 _a112 páginas
490 _aTEMÁTICA GENERAL
650 _aTEMÁTICA GENERAL
650 _aLITERATURA COSTARRICENSE
650 _aPOESÍA COSTARRICENSE
650 _aCOSTA RICA
942 _cBK
_2ddc
999 _c1080
_d1080